| 000 | 00484pab a2200169 454500 | ||
|---|---|---|---|
| 008 | 180718b1965 xxu||||| |||| 00| 0 eng d | ||
| 100 | _aDhanoa, S.S. | ||
| 245 | _aThe collector in the nineteen sixties in different states: Bihar | ||
| 260 | _c1965 | ||
| 300 | _ap.420-440. | ||
| 362 | _aJul-Sep | ||
| 650 | _aDistrict administration - India - Bihar | ||
| 650 | _aDistrict administration | ||
| 773 | _aIndian Journal of Public Administration | ||
| 908 | _aN | ||
| 909 | _a100296 | ||
| 999 |
_c100295 _d100295 |
||